| 000 | 00681nam a2200229 u 4500 | ||
|---|---|---|---|
| 005 | 20240919064457.0 | ||
| 008 | 190206s2017 mx r 000 0 spa d | ||
| 020 | _a9786076228142 | ||
| 035 | _aUPN01000228841 | ||
| 049 | _aCG | ||
| 050 | 4 |
_aLC1200 _bS6.2 |
|
| 245 | 0 | 0 |
_aSmart university : _bhacia una universidad más abierta / _cFrancisco Maciá Pérez ... [et al.]. |
| 260 |
_aMéxico : _bAlfaomega, _cc2017. |
||
| 300 |
_a193 p. : _bil. |
||
| 650 | 4 |
_aEducación inclusiva _97100 |
|
| 650 | 4 |
_aEducación abierta _94855 |
|
| 650 | 4 |
_aEducación superior _932 |
|
| 700 | 1 |
_aMaciá Pérez, Francisco, _ecoaut. |
|
| 905 | _aLibro | ||
| 999 |
_c200936 _d200936 |
||